Top 25 Bandeiras Mais Bonitas (Modo Intermédio) - Statistics

Estatísticas Gerais
  • Esse quiz foi jogado 144 vezes
  • A pontuação média é 6 de 25
Estatísticas das Respostas
Lugar Continente Cores Resposta % Correto
América Verde 33 %Branco 27 % Castanho 2% Vermelho 33 %

México

82%
América Vermelho 62%Branco 38%

Canadá

71%
América Verde 69%Amarelo 17% Azul 12% Branco 2%

Brasil

60%
Europa Vermelho 38 %Branco 30 % Azul 32 %

Reino Unido

43%
EuropaÁsia Vermelho 94%Branco 6%

Turquia

42%
10º América Azul 67%Branco 30% Amarelo 3%

Argentina

31%
Europa Vermelho 89%Preto 11%

Albânia

30%
11º América Preto 33%Verde 33%
Amarelo 34%

Jamaica

30%
13º América Vermelho 41%Branco 37% Azul 22%

Estados Unidos

29%
Europa Azul 60%Branco 40%

Grécia

26%
19º Ásia Branco 81%Vermelho 19%

Japão

23%
17º EuropaÁsia Branco 33,3%Azul 33,3% Vermelho 33,3%

Rússia

22%
24º África Verde 30%Vermelho 22% Azul 22% Branco 11% Preto 9% Amarelo 6%

África do Sul

19%
25º Ásia Azul 89%Amarelo 11%

Cazaquistão

19%
Ásia Branco 77%Preto 10% Azul 6,5% Vermelho 6,5%

Coreia do Sul

17%
Europa Vermelho 35%Azul 25% Branco 35% Amarelo 3%

Sérvia

17%
23º América Branco 55%Azul 33% Amarelo 3%

Uruguai

17%
15º Ásia Amarelo 43%Laranja 39% Branco 8%

Butão

16%
16º Europa Vermelho 50%
Amarelo 43%
Branco 1%

Espanha

12%
21º Europa Verde 33%Amarelo 4% Vermelho 59%

Portugal

8%
14º Europa Vermelho 62%Azul 21% Branco 17%

Noruega

7%
20º Europa Azul 72%Amarelo 25% Branco 3%

Bósnia

5%
18º Ásia Amarelo 33,3%Verde 33,3% Branco 31,3% Azul 2%

Índia

4%
22º Europa Branco 58%Vermelho 42%

Geórgia

1%
12º Europa Verde 33%Branco 33%
Vermelho 31%

País de Gales

1%
Nenhum quiz correspondente encontrado
Distribuição das Pontuações
Porcentagem de Pessoas com Cada Pontuação
Percentil de Números Respondidos
Sua Pontuação Histórica
Você não jogou esse quiz